000 00636nam a2200205Ia 4500
003 GCL
008 140319s9999 xx 000 0 ara d
040 _aGCL /
_cGCL
082 0 4 _a301.242
_bب و
100 1 _aبرهان غليون
245 1 0 _aالوعى الذاتى /
_cبرهان غليون
260 _a[S.N] :
_bالمؤسسة العربية للدراسات والنشر ،
_c1992
300 _a152
490 _a
650 0 4 _aالعالم العربى
650 0 4 _aالاحوال الاجتماعية
650 0 4 _aالاسلام والاصلاح الاجتماعى
650 0 4 _aالثقافة
942 _2ddc
_cBK
999 _c31742
_d31742